Time to take stock? - a review of prospects for livestock auction markets (Record no. 108758)

MARC details
000 -LEADER
fixed length control field 01163cad a22002415a 4500
001 - CONTROL NUMBER
control field L145323
008 - FIXED-LENGTH DATA ELEMENTS--GENERAL INFORMATION
fixed length control field 080929e20080925xxkad f s 000 0 eng d
035 ## - SYSTEM CONTROL NUMBER
System control number (Sirsi) u145323
041 0# - LANGUAGE CODE
Language code of text/sound track or separate title eng
050 04 - LIBRARY OF CONGRESS CALL NUMBER
Classification number 381.41 $2 18
100 1# - MAIN ENTRY--PERSONAL NAME
Personal name Jones, James V.H.
111 2# - MAIN ENTRY--MEETING NAME
Meeting name or jurisdiction name as entry element RICS Roots Rural Research Conference
Location of meeting Trinity College, Oxford
Date of meeting or treaty signing 17-18 March 2008
245 00 - TITLE STATEMENT
Title Time to take stock? - a review of prospects for livestock auction markets
Medium [electronic resource]
260 ## - PUBLICATION, DISTRIBUTION, ETC.
Place of publication, distribution, etc. London
Name of publisher, distributor, etc. RICS
Date of publication, distribution, etc. 2008
505 2# - FORMATTED CONTENTS NOTE
Formatted contents note Throughput and revenue trends -- A SWOT analysis -- Which markets will survive?
520 ## - SUMMARY, ETC.
Summary, etc. Conference paper looks at the decline in throughput of livestock auction markets and explores the trend towards rationalisation of existing markets, as well as likely future impacts on the business models of newly rationalised markets.
521 ## - TARGET AUDIENCE NOTE
Target audience note Advanced
590 ## - LOCAL NOTE (RLIN)
Local note KA
651 #4 - SUBJECT ADDED ENTRY--GEOGRAPHIC NAME
Geographic name England and Wales
Chronological subdivision 1543-
690 ## - LOCAL SUBJECT ADDED ENTRY--TOPICAL TERM (OCLC, RLIN)
Topical term or geographic name as entry element PROPERTY-RURAL AND NATURAL ASSETS-AGRICULTURAL PROPERTY-LIVESTOCK
856 40 - ELECTRONIC LOCATION AND ACCESS
Uniform Resource Identifier <a href="https://www.rics.org/site/scripts/download_info.aspx?downloadID=3129">https://www.rics.org/site/scripts/download_info.aspx?downloadID=3129</a>
Public note View the item free of charge online at www.rics.org...
942 ## - ADDED ENTRY ELEMENTS (KOHA)
Suppress in OPAC 0
Holdings
Withdrawn status Lost status Source of classification or shelving scheme Damaged status Not for loan Home library Current library Shelving location Date acquired Total Checkouts Full call number Barcode Date last seen Copy number Price effective from Koha item type
    Dewey Decimal Classification     Virtual Virtual Online 29/09/2008   ONLINE PUBLICATION 145323-1001 06/08/2019 1 06/08/2019 Book